000 00742nam a22002177a 4500
003 UA-OsUOA
001 68919
007 ta
008 20100526b un ||||| |||| 00| 0 ukr d
100 _aЧеботнікова І.
090 _a82
_bЧ-34
942 _cSA
040 _aUA-OsUOA
_bukr
_cUA-OsUOA
_dUA-OsUOA
245 _a"Я ж і не думав, я лише питав" (Ф. Кафка) На які запитання шукали відповідь письменники-модерністи?
300 _aС.17-21
955 _a0
041 _aukr
080 _a82
773 0 _w68917
_tЗарубіжна література
_dК.
_d2010
_g19
650 7 _a82 Література. Літературознавство
_2UDC
999 _c355154
_d355154